000
00198 a2200097 4500
001
10279
100
_a
A S A
245
_a
Swimming instruction
260
_a
_b
Educat.Prod.
_c
090
_c
7939
_d
7939
942
_a
NUST-CAE
_c
M
_c
34643
999
_c
245352
_d
245352